<?xml version="1.0" encoding="UTF-8"?>
<record
    xmlns:xsi="http://www.w3.org/2001/XMLSchema-instance"
    xsi:schemaLocation="http://www.loc.gov/MARC21/slim http://www.loc.gov/standards/marcxml/schema/MARC21slim.xsd"
    xmlns="http://www.loc.gov/MARC21/slim">

  <leader>05145nam a2200445Ii 4500</leader>
  <controlfield tag="001">DIGSCR0127</controlfield>
  <controlfield tag="003">NyNyDIG</controlfield>
  <controlfield tag="006">m     o  d        </controlfield>
  <controlfield tag="007">cr |||||||||||</controlfield>
  <controlfield tag="008">050915s2005    mdu     ob    010 0 eng d</controlfield>
  <datafield tag="020" ind1=" " ind2=" ">
    <subfield code="z">1882528433</subfield>
  </datafield>
  <datafield tag="020" ind1=" " ind2=" ">
    <subfield code="z">9781882528431</subfield>
  </datafield>
  <datafield tag="035" ind1=" " ind2=" ">
    <subfield code="a">(OCoLC)666914695</subfield>
  </datafield>
  <datafield tag="040" ind1=" " ind2=" ">
    <subfield code="a">DGITA</subfield>
    <subfield code="b">eng</subfield>
    <subfield code="e">pn</subfield>
    <subfield code="c">DGITA</subfield>
  </datafield>
  <datafield tag="041" ind1="0" ind2=" ">
    <subfield code="a">eng</subfield>
    <subfield code="a">spa</subfield>
  </datafield>
  <datafield tag="043" ind1=" " ind2=" ">
    <subfield code="a">e-sp---</subfield>
  </datafield>
  <datafield tag="050" ind1="1" ind2="4">
    <subfield code="a">PQ6004.L49 eBook</subfield>
  </datafield>
  <datafield tag="245" ind1="0" ind2="0">
    <subfield code="a">Studies in honor of Denah Lida : /</subfield>
    <subfield code="c">edited by Mary G. Berg and Lanin A. Gyurko</subfield>
  </datafield>
  <datafield tag="264" ind1=" " ind2="1">
    <subfield code="a">Potomac, Md., U.S.A. :</subfield>
    <subfield code="b">Scripta Humanistica,</subfield>
    <subfield code="c">2005.</subfield>
  </datafield>
  <datafield tag="300" ind1=" " ind2=" ">
    <subfield code="a">1 online resource (415 pages)</subfield>
  </datafield>
  <datafield tag="336" ind1=" " ind2=" ">
    <subfield code="a">text</subfield>
    <subfield code="b">txt</subfield>
    <subfield code="2">rdacontent</subfield>
  </datafield>
  <datafield tag="337" ind1=" " ind2=" ">
    <subfield code="a">computer</subfield>
    <subfield code="b">c</subfield>
    <subfield code="2">rdamedia</subfield>
  </datafield>
  <datafield tag="338" ind1=" " ind2=" ">
    <subfield code="a">online resource</subfield>
    <subfield code="b">cr</subfield>
    <subfield code="2">rdacarrier</subfield>
  </datafield>
  <datafield tag="490" ind1="1" ind2=" ">
    <subfield code="a">Scripta Humanistica ;</subfield>
    <subfield code="v">153.</subfield>
  </datafield>
  <datafield tag="504" ind1=" " ind2=" ">
    <subfield code="a">Includes bibliographical references.</subfield>
  </datafield>
  <datafield tag="504" ind1=" " ind2=" ">
    <subfield code="a">"Publications by Denah Lida": p. 9-12.</subfield>
  </datafield>
  <datafield tag="505" ind1="0" ind2=" ">
    <subfield code="a">Denah Lida / Monroe Z. Hafter -- Denah Lida -- Denah Lida : publications -- Despues del sue&#xF1;o / Luis Izquierdo -- How I was traded to Brandeis by Denah Lida / Ed Engelberg -- Denah Lida : reminiscences / Erica Harth -- Papi's teacher / Roberto Marquez -- Denah and I / Stephanie Orringer -- For Denah (Eva and Raimundo) / Megan Bardrick -- Alfonso VIII and the Jewess of Toledo : a political affair / David Nirenberg -- El proceso creativo en la canci&#xF3;n del Marqu&#xE9;s de Santillana "Dios vos fizo virtuosa" / Joaquin Gimeno Casalduero - En busca de un profeta perdido : el viaje maravilloso de Buluqiya a los confines del universo en una leyenda aljamiada del siglo XVI / Luce Lopez-Baralt -- John Donne and Spain / Anita Gilman Sherman -- Teresa de Cartagena and the uncircumcised ear / Constance Rose -- A note on female agency and the Efire figure in Gongora's Soledad segunda / Crystal Chemris -- Intimacy and allegory in a Quevedo sonnet ("En breve carcel traigo aprisionada") / Mary Malcolm Gaylord -- Runaways in Cervantes / Frank P. Casa -- "A mi, le&#xF3;n" Don Quijote, Don Domingo de Don Blas, and manliness / Dian Fox -- Past perfect : the battle against time in Don Quixote / Edward H. Friedman -- Witinia's letters (1822) as romantic novel and critique of the Spanish mindset / Monroe Z. Hafter -- Decline and fall : Emile Zola's Les Quatre Evangiles / Murray Sachs -- La de Bringas : metropolis, moda, identidad / Luis Fernandez Cifuentes and Roxana Pages Rangel -- The threee faces of Misericordia / James Mandrell -- La revolucion sentimental de Ramon Perez de Ayala, y la corriente del teatro de "fantasia" en el primer cuarto del siglo XX / Julio Matas -- Crisis spiritual, crisis historica : Azorin, Unamuno y Machado en la encrucijada de la modernidad / Carlos Blanco Aguinaga -- La generacion de Machada y Unamuno / Robert Russell -- La voz a ti debida and the poetics of translation / Ruth Katz Crispin -- El exillo : camino hacia luz interior / Birute Ciplijauskalite -- Desde la pared de vidrio hasta la otra orilla : El exilio de Maria Martinez Sierra / Alda Blanco -- La vision contradictoria de la postguerra Espanola de Carmen Martin Gaite / Karen Taylor -- Itinerarios culturales y memoria en el exilio espanol en Mexico / Clara Lida -- Intersubjectivity and empathy in Iberian letters and languages / F. G. Asenjo -- Gonzalo Guerrero, conquistador conquistado : a case of counter-conversion in 16th century Mexico / Lorraine Elena Roses -- Francisco Pimental poinero de la linguistica (y de la etnologia) / Beatriz Garza Cuaron -- Role models and Andean identities in Clorinda Matto de Turner's Hima-Sumac / Mary G. Berg -- Un discurso de la hispanidad : retorica y politica en el nacionalismo catolico argentine en la decada de 1930 / Miranda Lida and Soledad Lida -- La inevitable profecia del descubrimiento de America : Guanahani el sueno de Colon, de Roberto Espina / Luis F. Gonzalez-Cruz -- Borges y su invencion de Buenos Aires / Ana Maria Barrenechea -- The Americas and (in) Europe : Borges and the literary tradition / Arturo Echavarria -- Pools of memory : swimming in the Southern Cone / Nancy Abraham Hall -- Persecution and deliverance in Aridjis' 1492 : Vida y tiempos de Juan Cabezon de Castilla / Lanin A. Gyurko -- Hacia una estetica de la carencia : estrategias formales de resistencia en Diamela Eltit / Dianna C. Niebylski -- Heroes sin honra : etica y derrota en la narrative latinoamericana del fin del siglo XX / Ana Maria Amar Sanchez -- Ladino speaking women of the 20th century / Renee Levine Melammed -- Embracing the Hispanic : Jews, Puerto Ricans and Spaniards in immigrant New York (1880-1950) / Aviva Ben-Ur.</subfield>
  </datafield>
  <datafield tag="546" ind1=" " ind2=" ">
    <subfield code="a">Essays in English and Spanish.</subfield>
  </datafield>
  <datafield tag="650" ind1=" " ind2="0">
    <subfield code="a">Spanish literature</subfield>
    <subfield code="x">History and criticism.</subfield>
  </datafield>
  <datafield tag="655" ind1=" " ind2="0">
    <subfield code="a">Electronic books.</subfield>
  </datafield>
  <datafield tag="700" ind1="1" ind2=" ">
    <subfield code="a">Lida, Denah,</subfield>
    <subfield code="d">1923-</subfield>
  </datafield>
  <datafield tag="700" ind1="1" ind2=" ">
    <subfield code="a">Berg, Mary G.</subfield>
  </datafield>
  <datafield tag="700" ind1="1" ind2=" ">
    <subfield code="a">Gyurko, Lanin A.</subfield>
  </datafield>
  <datafield tag="791" ind1="2" ind2=" ">
    <subfield code="a">Digitalia (Firm),</subfield>
    <subfield code="e">distributor.</subfield>
  </datafield>
  <datafield tag="830" ind1=" " ind2="0">
    <subfield code="a">Scripta Humanistica (Series) ;</subfield>
    <subfield code="v">153.</subfield>
  </datafield>
  <datafield tag="793" ind1="0" ind2=" ">
    <subfield code="g">Digitalia eBook Collection:</subfield>
    <subfield code="a">Scripta Humanistica.</subfield>
  </datafield>
  <datafield tag="856" ind1="4" ind2="0">
    <subfield code="3">Digitalia Hisp&#xE1;nica</subfield>
    <subfield code="u">https://www.digitaliapublishing.com/a/286/</subfield>
  </datafield>
  <datafield tag="910" ind1=" " ind2=" ">
    <subfield code="a">Premium Collection: 2007-2012</subfield>
  </datafield>
  <datafield tag="942" ind1=" " ind2=" ">
    <subfield code="c">RAA</subfield>
  </datafield>
  <datafield tag="952" ind1=" " ind2=" ">
    <subfield code="0">0</subfield>
    <subfield code="1">0</subfield>
    <subfield code="4">0</subfield>
    <subfield code="7">0</subfield>
    <subfield code="8">DEH</subfield>
    <subfield code="a">BD-UIN</subfield>
    <subfield code="b">BD-UIN</subfield>
    <subfield code="d">2025-04-25</subfield>
    <subfield code="l">0</subfield>
    <subfield code="r">2025-04-25</subfield>
    <subfield code="w">2025-04-25</subfield>
    <subfield code="y">RAA</subfield>
  </datafield>
  <datafield tag="999" ind1=" " ind2=" ">
    <subfield code="c">229376</subfield>
    <subfield code="d">229376</subfield>
  </datafield>
</record>
